[Event "San Pedro del Pinatar op 6th"]
[Site "San Pedro del Pinatar"]
[Date "2015.01.31"]
[Round "3"]
[White "Lasheras Martinez, Juan Thomas"]
[Black "Cano Alarcon, Rafael"]
[Result "1/2-1/2"]
[WhiteElo "1977"]
[BlackElo "1823"]
[PlyCount "122"]
[EventDate "2015.01.30"]
[EventType "swiss"]
[EventRounds "7"]
[EventCountry "ESP"]
[SourceTitle "CBM 164 Extra"]
[Source "ChessBase"]
[SourceDate "2015.03.02"]
[SourceVersion "1"]
[SourceVersionDate "2015.03.02"]
[SourceQuality "1"]

1. d4 e6 2. Nf3 Nf6 3. c4 b6 4. a3 Bb7 5. Nc3 Be7 6. d5 exd5 7. cxd5 d6 8. e4 Nbd7 9. Bd3 0-0 10. 0-0 Ne5 11. Bc2 Nxf3+ 12. Qxf3 Nd7 13. Qh3 Ne5 14. f4 Bc8 15. Qe3 Ng6 16. Ne2 f5 17. exf5 Bxf5 18. Bxf5 Rxf5 19. Nd4 Rf7 20. Bd2 Bf6 21. Ne6 Qd7 22. Rac1 Re7 23. Bc3 Bxc3 24. Qxc3 c5 25. dxc6 Qxe6 26. f5 Qe3+ 27. Qxe3 Rxe3 28. fxg6 hxg6 29. Rfd1 Re6 30. b4 Kf7 31. b5 Ke7 32. Re1 d5 33. Rxe6+ Kxe6 34. Kf2 Kd6 35. Ke3 Re8+ 36. Kd4 Re7 37. Rc2 Rf7 38. Ke3 Re7+ 39. Kf4 Rc7 40. h4 Re7 41. Kg5 Rc7 42. g4 d4 43. Kxg6 Kd5 44. h5 d3 45. Rb2 Kc4 46. Kf5 Kc3 47. Rh2 d2 48. Rxd2 Kxd2 49. Ke6 Ke3 50. Kd6 Rf7 51. c7 Rf8 52. Kd7 Kf4 53. c8Q Rxc8 54. Kxc8 Kxg4 55. Kb7 Kxh5 56. Kxa7 g5 57. Kxb6 g4 58. Ka6 g3 59. b6 g2 60. b7 g1Q 61. b8Q Qe3 1/2-1/2